Quizz sur Dragon Ball - Difficulté moyenne - Statistiques

Statistiques générales
  • Ce quiz a été pris 549 fois
  • Le résultat moyen est 13 sur 20
Statistiques - réponses
Questions Réponses % Correct
Qui à écrit le manga Dragon Ball ? Akira Toriyama
92%
Qui est à l’origine de la création du monstre Cell ? Dr . Gero
86%
Quel est le nom du dragon des 7 boules de cristal ? Shenron
86%
Combien de formes Cell possède-t-il avant de devenir "Cell Parfait" ? 3
83%
Dans Dragon Ball Z, combien de fois Goku meurt-il au total 2
82%
Combien de membres compte la Force Spéciale Ginyu, en incluant Ginyu lui-même ? 5
81%
Quel est le nom de l’attaque de Goku qui nécessite l’énergie de tous les êtres vivants ? Genki Dama
81%
Qui a tué le Dr. Gero ? C-17
80%
Quel personnage est la réincarnation de Majin Buu à la fin de Dragon Ball Z ? Uub
79%
Qui a coupé la queue de Gohan lorsqu’il s’est transformé en singe géant (Oozaru) pour la première fois ? Piccolo
74%
Quel est le nom de la salle où le temps passe plus vite, permettant à Goku et Gohan de s’entraîner avant le Cell Game ? Salle de l'esprit et du temps
73%
Quel est le nom de l’attaque ultime de Vegeta ? Final flash
70%
Quel est le nom du guerrier Saiyan qui a été envoyé sur Terre pour détruire la planète mais a perdu la mémoire ? San Goku
69%
De combien de tome(s) le manga ce constitue t'il (l'Edition originale) 42
64%
Quel est le nom de la technique de Piccolo qui perce le cœur de Raditz et Goku ? Makankosappo
55%
Quel est le nom de l’attaque signature de Krillin ? Kienzan
53%
De quel instrument joue Tapion dans Dragon Ball Z : L’Attaque du dragon ? une ocarina
47%
Quel est le nom de la transformation de Gohan après avoir été entraîné par le Vieux Kai ? Mystic gohan
33%
Qui est le premier personnage à maîtriser le Kaioken après Goku ? King Kai
32%
Quel est le nom du tournoi où Goku rencontre pour la première fois Pikkon ? Tournoi de l'autre monde
5%
Aucun quiz correspondant
Distribution des résultats
% des personnes avec chaque résultat
Percentile par nombre de réponses
Votre historique - résultats
Vous n’avez pas pris ce quiz